000 00715nab a2200229 a 4500
005 20210219162037.0
008 991125s1985 mx 000 0 spa u
035 _aUPN01000196511
100 1 _aRamírez Cedillo, Eduardo
100 1 _uramceed@prodigy.net.mx
222 _aCONTADURIA Y ADMINISTRACION
245 _aLa búsqueda de motores de crecimiento bajo condiciones de liberalización económica
260 _aMéxico
300 _a115-143
362 0 _a2006 No. 218, ene.-abr.
653 0 _aCRECIMIENTO ECONOMICO
653 0 _aSECTOR PUBLICO
653 0 _aINFLACION
653 0 _aTIPO DE CAMBIO
856 _ahttp://contaduriayadministracionunam.mx/articulo-2-105-12.html
905 _aArticulo
999 _c168612
_d168612